00839nam a22002297a 4500999001700000003000900017008004100026040007100067082002200138100002000160245002400180260003700204300002600241505012200267650002000389650001800409650001700427700002500444942001600469945002200485952010200507  c15674d15674AR-CdUCM190429b           ||||| |||| 00| 0 spa d  aMUNICIPALIDAD PROVINCIAL DEL CUSCOcBIBLIOTECA MUNICIPAL DEL CUSCO  a574 /bH17 / 1929  aHaldane, J.B.S.  aBiología animal /  aMadrid :bManuel Aguilar,c1929.  a412 paginas ;c20 cm.  aContenido :Desarrollo y herencia --Cambios de materia y energía --Transporte en el cuerpo --El sistema nervioso ...  aEnergia 915841  aBiologia9881  aMateria9883  aJulian Huxley934820  2ddccLIBROS  arjalld2019-04-29  002ddc4070aSCAbSCAcCARTd2019-04-29g50.00o574 / H17 / 1929pSCA0003699r2019-04-29yLIBROS